Statistics for UEFA Champions League Final 2006 Paris, FC Barcelona vs. Arsenal London

Click here to take the quiz!

General Stats

  • This quiz has been taken 2,689 times
  • The average score is 19 of 38

Answer Stats

No.PositionName% Correct
[14]CFThierry Henry
96%
[1]GKVictor Valdes
84%
[5]CBCarles Puyol
84%
[6]CMXavi
82%
[24]AMAndres Iniesta
81%
[10]LMRonaldinho
79%
[9]CFSamuel Eto'o
79%
[7]RMRobert Pires
78%
[1]GKJens Lehmann
78%
[23]CBSol Campbell
75%
[3]LBAshley Cole
71%
[15]CMFrancesc Fabregas
65%
[28]CBKolo Toure
60%
[10]CFDennis Bergkamp
59%
Coach:Arsene Wenger
59%
[8]LMFredrik Ljungberg
55%
[24]GKManuel Almunia
52%
[19]DMGilberto Silva
51%
[20]CMDeco
49%
[11]CFRobin van Persie
41%
[2]RBJuliano Belletti
41%
[4]CBRafael Marquez
40%
[22]LBGael Clichy
37%
[9]CFJose Antonio Reyes
36%
[13]AMAlexander Hleb
36%
[27]RBEmmanuel Eboue
35%
Coach:Frank Rijkaard
35%
[7]CFHenrik Larsson
34%
[8]RMLudovic Giuly
33%
[16]DMMathieu Flamini
27%
[20]CBPhilippe Senderos
23%
[12]LBGiovanni van Bronckhorst
22%
[16]LBSylvinho
22%
[17]CMMarc van Bommel
19%
[15]DMEdmilson
18%
[23]RBOleguer
18%
[3]CMThiago Motta
12%
[25]GKAlbert Jorquera
8%

Score Distribution

Percentile by Number Answered

Percent of People with Each Score

Your Score History

You have not taken this quiz